| 000 | 01380nam a2200349 a 4500 | ||
|---|---|---|---|
| 001 | 0000342 | ||
| 003 | DO-SdBNP | ||
| 005 | 20160706092824.0 | ||
| 007 | 0000342 | ||
| 008 | 091125s2013 dr a 000 0 spa d | ||
| 020 | _a9789945174922 | ||
| 040 |
_aBPMSU _bspa _cBPMSU |
||
| 092 |
_a373.53 _bF537e 4to. 2013 |
||
| 245 | 0 | 0 |
_aFísica 4 : _beducación media / _ccolaboración Pablo Smester ... [et al.] ; ilustración Rafael Almanzar |
| 260 |
_aSanto Domingo : _bSM, _c2013 |
||
| 300 |
_a199 p. : _bil. ; _c29 cm. + _eCD- ROOM |
||
| 490 | 1 | _aProyecto Sé | |
| 504 | _aBibliografía : p. 199 | ||
| 505 | 0 |
_gUnidad 1 _tFísica hoy -- _gUnidad 2 _tPrincipios y aplicaciones de la dinámica -- _gUnidad 3 _tEnergía, trabajo y calor -- _gUnidad 4 _tElectrostática y electricidad -- _gUnidad 5 _tTeoría atómica y nuclear. Astrofisica _tRepaso para las Pruebas Nacionales -- |
|
| 650 |
_aFÍSICA _xENSEÑANZA SECUNDARIA |
||
| 650 | 4 |
_aFÍSICA _xEDUCACIÓN SECUNDARIA |
|
| 650 | 4 |
_aEDUCACIÓN SECUNDARIA _zREPÚBLICA DOMINICANA |
|
| 650 | 4 |
_aFÍSICA _xLIBROS DE TEXTOS |
|
| 650 | 4 |
_aFÍSCA _xESTUDIOS Y EJERCICIOS |
|
| 700 | 1 | 2 |
_aSmester, Pablo _ecolab. |
| 700 | 1 | 2 |
_aAlmánzar, Rafael, _eil. |
| 700 | 1 | 2 |
_aCid, Henry _eil. |
| 830 | 0 | _pProyecto Sé | |
| 910 | _aValidado. Control de calidad MFF | ||
| 942 |
_2ddc _cBK |
||
| 956 |
_aLOPEREZ _b10 _220160704 _3BPMSU _600041 |
||
| 999 |
_c10659 _d10659 |
||